Novo estatuto da ME e EPP : Lei Complementar nº 147 de 7 de agosto de 2014 : (Record no. 1521)

MARC details
000 -LÍDER
Campo Fixo de Controle 00814nam a2200217 a 4500
001 - NÚMERO DE CONTROLE
Campo de Controle 1521
003 - IDENTIFICAÇÃO DO NÚMERO DE CONTROLE
Campo de Controle BR-CuiBMT
005 - DATA E HORA DA ÚLTIMA ATUALIZAÇÃO
Campo de Controle 20231220011851.0
008 - DADOS FIXOS
Dados Fixos 231213s2014 mgba 000 0 por d
040 ## - AGÊNCIA CATALOGADORA
Código da Agência Catalogadora BR-CuiBMT
Agência que transcreveu o registro BR-CuiBMT
080 ## - Nº DA CLASSIFICAÇÃO DECIMAL UNIVERSAL
Nº Class. CDU 334.012.65
Subd. Auxiliar Comum (094.5)
Nº edição CDU 2007
090 ## - NÚMERO DE CHAMADA
Nº classificação 334.012.65(094.5)
Cutter S232n
100 1# - ENTRADA PRINCIPAL -- AUTOR PESSOAL
Nome pessoal Santana, Jair
245 10 - TÍTULO PRINCIPAL
Título principal Novo estatuto da ME e EPP : Lei Complementar nº 147 de 7 de agosto de 2014 :
Subtítulo essencialidade e orientações /
Indicação de responsabilidade Jair Santana.
246 34 - FORMAS VARIANTES DO TÍTULO
Título principal Novo estatuto da ME e EPP : Lei Complementar nº 147 de 7 de agosto de 2014 :
Subtítulo compras públicas e pequenos negócios
260 ## - PUBLICAÇÃO, DISTRIBUIÇÃO, ETC.
Local de publicação Belo Horizonte :
Editora Fórum,
Data 2014.
300 ## - DESCRIÇÃO FÍSICA
N. páginas ou volumes 53 p. :
Ilustrações il. color. ;
Dimensões 22 cm
650 ## - ASSUNTO TÓPICO
Cabeçalho tópico ou nome geográfico Lei de licitação e contratos
Subdivisão geográfica Brasil
650 ## - ASSUNTO TÓPICO
Cabeçalho tópico ou nome geográfico Microempresa
Subdivisão geográfica Brasil
942 ## - ELEMENTOS DE ENTRADA ADICIONAIS (KOHA)
Fonte de classificação ou esquema de arquivamento Classificação Decimal Universal
Tipo de item do Koha Livros
Holdings
Estado: removido Estado: perdido Fonte de classificação ou esquema de arquivamento Estado: danificado Indisponível para empréstimo Localização permanente Localização atual Data de aquisição Total Checkouts Número de Chamada completo Código de barras Date last seen Número do exemplar Preço efetivo a partir de Tipo de item (Koha)
    Classificação Decimal Universal     Biblioteca da Escola Superior de Contas do TCE/MT Biblioteca da Escola Superior de Contas do TCE/MT 13/12/2023   334.012.65(094.5) S232n BIBTCEMT23120449 14/12/2023 Ex. 1 14/12/2023 Livros

Powered by Koha